000 03010nam a22001577a 4500
041 _aukr
080 _a09
090 _bГОН
100 _aГончарук О.М.
245 _aСемантичний аналіз пісенних текстів британського гурту Pink Floyd (альбом The Wall)
260 _aОстрог
_bКАФ
_c2009
300 _a81
520 _aВСТУП РОЗДІЛ 1 ЛІНГВІСТИЧНИЙ АНАЛІЗ ПОЕТИЧНИХ ТЕКСТІВ 1.1 Лінгвістика тексту. 1.1.1 Визначення поняття "текст". 1.1.2 Співвідношення "текст" "дискурс". 1.1.3 Аналіз художнього тексту. 1.1.4 Протиставлення лінгвістичного, стилістичного і літературного аналізів. 1.2 Стилістичні особливості поетичного тексту. 1.2.1 Засоби демократизації поетичного тексту. 1.2.2 Лексичні та стилістичні показники мови пісенних текстів. 1.2.3 Семантико-стилістичні показники мови пісенних текстів. 1.2.4 Синтактико-стилістичні показники мови пісенних текстів. 1.3 Особливості фонетико-стилістичного аналізу тексту. 1.3.1 Фонетико-семантичний рівень. 1.3.2 Фонетико-стилістичний рівень. 1.3.3 Інтонаційні моделі. РОЗДІЛ 2 ЛЕКСИКО-СТИЛІСТИЧНІ ЗАСОБИ УВИРАЗНЕННЯ В ТЕКСТАХ ПІСЕНЬ ГУРТУ PINK FLOYD (АЛЬБОМ THE WALL) 2.1 Фонетико-стилістичний аналіз пісенних текстів. 2.1.1 Алітерація. 2.1.2 Асонанс. 2.2 Синтаксичні стилістичні засоби. 2.2.1 Повтори. 2.2.2 Паралельні конструкції. 2.3 Лексичні засоби колоквіалізації поетичної мови. 2.3.1 Скорочення. 2.3.2 Сленг. 2.4 Лексико-семантичні стилістичні засоби. РОЗДІЛ 3 КОГНІТИВНИЙ АНАЛІЗ ПІСЕННИХ ТЕКСТІВ БРИТАНСЬКОГО ГУРТУ PINK FLOYD (АЛЬБОМ THE WALL) 3.1 Когнітивний аналіз пісенних текстів. 3.2 Концептуальне поле пісенних текстів британського гурту Pink Floyd (альбом The Wall). 3.2.1 Асоціативна модель концепту СТІНА. 3.3.1 Лексико-семантична репрезентація основних емоційних концептів в пісенних текстах гурту. ВИСНОВКИ
_0лінгвістичний аналіз, Pink Floyd
650 _aResearch Papers
999 _c284673
_d284673
942 _cBK